000 00838nam a2200205 a 4500
003 0
005 20250421123930.0
008 970114s19uu xx 00 eng d
050 _aPGS QC 459
_b.Sa194 2003
100 _aSanchez, Mandy Carlo.
245 _aAwareness of selected male grade 5 students of Southville International School on ultraviolet (UV) radiation /
_cMandy Carlo Sanchez.
260 _aLas PiƱas City, Philippines :
_bSouthville International School and Colleges,
_c2003.
300 _a19 pages :
_billustrations ;
_c28 cm.
504 _aIncludes bibliographic references.
650 _aUltraviolet radiation
_vHealth aspects.
650 _aUltraviolet radiation
_vPhysiological effect.
650 _aRadiation
_vHealth risk assessment.
650 _aUltraviolet radiation
_vStudy and teaching.
942 _2lcc
_cPASS
999 _c96919
_d96919